=LDR 00000nam 2200000 4500 =001 INLIS000000000017293 =005 20130612112505 =008 ***********************************Ind** =035 ##$$0010-061300000017293 =041 ##$$a Ind =082 ##$$a 616.12 =090 ##$$a 616.12, Wij s =100 ##$$a Wijaya, Sutopo =245 ##$$a Segi praktis EKG, Sutopo Widjaja =260 ##$$a 1990 $b Jakarta =300 ##$$a ii, 137 hlm, ilus, 23 cm =650 ##$$a Jantung, Kelainan =850 ##$$a NBPNMAT